Medieval city of Agra / (Record no. 7559)

000 -LEADER
fixed length control field 00664cam a2200205 i 4500
003 - CONTROL NUMBER IDENTIFIER
control field OSt
005 - DATE AND TIME OF LATEST TRANSACTION
control field 20200313073505.0
008 - FIXED-LENGTH DATA ELEMENTS--GENERAL INFORMATION
fixed length control field 180312s2018 ii ab b 001 0 eng d
020 ## - INTERNATIONAL STANDARD BOOK NUMBER
International Standard Book Number 9789386552402
Qualifying information (hardback)
020 ## - INTERNATIONAL STANDARD BOOK NUMBER
International Standard Book Number 938655240X
040 ## - CATALOGING SOURCE
Original cataloging agency YDX
Language of cataloging eng
Description conventions rda
Transcribing agency YDX
Modifying agency BDX
-- DKAGE
-- OCLCO
-- DLC
-- YDX
-- OCLCF
-- DLC
041 ## - LANGUAGE CODE
Language code of text/sound track or separate title eng
082 04 - DEWEY DECIMAL CLASSIFICATION NUMBER
Classification number 954.2
Edition number 23
Item number TRI
100 1# - MAIN ENTRY--PERSONAL NAME
Personal name Trivedi, K. K.
Titles and other words associated with a name (Professor of history)
245 10 - TITLE STATEMENT
Title Medieval city of Agra /
Statement of responsibility, etc K.K. Trivedi.
300 ## - PHYSICAL DESCRIPTION
Extent xii, 180 pages :
Other physical details color illustrations, maps ;
Dimensions 25 cm
504 ## - BIBLIOGRAPHY, ETC. NOTE
Bibliography, etc Includes bibliographical references (pages 157-171) and index.
651 #0 - SUBJECT ADDED ENTRY--GEOGRAPHIC NAME
Geographic name Agra (India)
General subdivision History.
942 ## - ADDED ENTRY ELEMENTS (KOHA)
Source of classification or shelving scheme
Holdings
Withdrawn status Lost status Source of classification or shelving scheme Damaged status Koha normalized classification for sorting Not for loan Permanent location Current location Date acquired Full call number Barcode Date last seen Price effective from Koha item type
        954_200000000000000_TRI   BMS College of Architecture, Design and Planning BMS College of Architecture, Design and Planning 2020-03-13 954.2 TRI AR-UG1367 2020-03-13 2020-03-13 UG Books
Copyright © 2025, The Librarian, Library and Information Centre, BMSCA D&P, Bengaluru. All Rights Reserved
web counter

Powered by Koha